000 00876nam a22002897a 4500
003 CHAP
005 20220329141115.0
008 971014s1961 r 00010 d
010 _a62673
011 _a63645
035 _a67822
040 _cCHAP
082 _a632
_bU76
100 0 0 _aUrquijo Landaluze, Pedro.
_9116982
245 _aPatología vegetal agrícola ; enfermedades de las plantas
260 _aBarcelona :
_bSalvat,
_c1961
300 _a780 p.
_b: ilus.
590 _aBATCH-UPD
_b10
_c20130110
_lUCH01
_h0136
590 _aBATCH-UPD
_b10
_c20130110
_lUCH01
_h2009
590 _aBATCH-UPD
_b10
_c20130410
_lUCH01
_h1328
590 _aBATCH-UPD
_b10
_c20130914
_lUCH01
_h1414
590 _aCONVERSION
_b10
_c20130109
_lUCH01
_h1334
650 1 4 _aFitopatología.
_941161
901 _aBK
942 _cLIBRO
949 _a632 U76
_bBC
_cMUT
_d-153344
_eMUT
_h22455
_i67822
_si
999 _c62673
_d62673